1066 1797 1433 1979 1652 1529 1915 1116 1648 1876 1361 1501 1044 1710 1548 1864 1961 1000 1074 1697 1908 1688 1774 1163 1563 1133 1850 1729 1044 1982 1975 1206 1506 1329 1186 1305 1252 1916 1799 1448 1119 1286 1215 1864 1453 1853 1690 1363 1266 1776 1718 1546 1075 1996 1542 1235 1024 1630 1536 1499 1339 1417 1410 1225 1471 1128 1083 1158 1135 1032 1597 1338 1789 1860 1462 1314 1711 1831 1511 1797 1057 1171 1599 1300 1483 1412 1600 1700 1718 1714 1920 1982 1760 1750 1869 1253 1471 1067 1754 BCNSPRNW ULIB Ver.6.0+V

เปลี่ยนเป็นภาษาไทย

Change to English
 แสดงรายละเอียดบรรณานุกรม
  กลับหน้าหลัก

Brief Record : Get Marc (ISO 2709) : E-mail record : QR code < ปิดหน้าต่าง
LEADER : 00000nam 2200000uu 4500
001    13399127135
003     ULIB
008    191017s2019||||th 000 0 tha d
020    ^a9780729542678
060    ^aWY157^bS168M^cVol.2
100    ^aSALLY PAIRMAN
245    ^aMIDWIFERY PREPARATION FOR PRACTICE 4e Vol.2
250    ^a4th ed
260    ^aAustralia :^bElsevier,^c2019
300    ^a1059 pages;^b30 cm
650    ^aPREPARATION^xPRACTICE
945    ^p3420^l0^i006325
999    ^aประนอม เกษจรัล
รายการนี้ยังไม่มีแท็ก
คุณยังไม่ได้ล็อกอิน คุณสามารถมีกิจกรรมร่วมกับเว็บไซต์ได้ แต่ต้องล็อกอินก่อน ::
  ล็อกอิน

รายการสื่อสารสนเทศ

ลำดับที่ ประเภท เลขเรียก/บาร์โค้ด สถานที่ สถานะ
1. Book การพยาบาล
Book การพยาบาล
WY157 S168M Vol.2 ฉ.1 
  Barcode: 006325
ห้องสมุดวิทยาเขตสวรรค์ประชารักษ์
►หนังสือทั่วไป
ถูกยืม กำหนดส่งวันที่ 31 พฤษภาคม 2569
  จอง

รายการใกล้เคียง
    ผู้แต่ง [SALLY PAIRMAN]

BibComment


ยังไม่เคยถูกคอมเมนท์

คอมเมนท์ทรัพยากรรายการนี้
  คอมเมนท์: MIDWIFERY PREPAR..


 Copyright 2026. Bcnsprnw @Library